00705nam a2200205Ia 4500003000900000008004100009040001600050080002500066110003300091245008600124260005000210300000800260500001900268650002800287650001900315650002000334942000700354999001500361952012300376IN-BaIIA211028s9999 xx 000 0 eng d cIIA Library a083.7:621-725.3bISI aIndian Standards Institution 0aIndian standard specification for lubricating plugscIndian Standards Institution aNew DelhibIndian Standards Institutionc1969 a7p. aIS 5019 : 1968 aLubricating Plugs99162 aNASA Thesaurus aStandards98876 cBK c5174d5174 00104070aBANbBANcGENd1976-12-22g5.00l0o083.7:621-725.3/ ISIp5778r2021-11-05v5.00w1976-12-22yBKGRs. 5.00